|
|
|
|
| LEADER |
01637nam a2200433Ia 4500 |
| 001 |
EBC3060281 |
| 003 |
MiAaPQ |
| 005 |
20200520144314.0 |
| 006 |
m o d | |
| 007 |
cr cn||||||||| |
| 008 |
980924s1999 enka sb 001 0 eng d |
| 010 |
|
|
|z 98045313
|
| 020 |
|
|
|z 020307162X
|
| 020 |
|
|
|z 0415185254 (hb)
|
| 020 |
|
|
|z 0415185262 (pb)
|
| 035 |
|
|
|a (MiAaPQ)EBC3060281
|
| 035 |
|
|
|a (Au-PeEL)EBL3060281
|
| 035 |
|
|
|a (CaPaEBR)ebr10054722
|
| 035 |
|
|
|a (CaONFJC)MIL33567
|
| 035 |
|
|
|a (OCoLC)922956399
|
| 040 |
|
|
|a MiAaPQ
|c MiAaPQ
|d MiAaPQ
|
| 050 |
|
4 |
|a TX950.7
|b .P74 1999
|
| 082 |
0 |
4 |
|a 338.7/616479541
|2 21
|
| 100 |
1 |
|
|a Preece, David,
|d 1948-
|
| 245 |
1 |
0 |
|a Work, change, and competition
|h [electronic resource] :
|b managing for Bass /
|c David Preece, Gordon Steven, and Valerie Steven.
|
| 260 |
|
|
|a London ;
|a New York :
|b Routledge,
|c 1999.
|
| 300 |
|
|
|a xi, 232 p. :
|b ill.
|
| 504 |
|
|
|a Includes bibliographical references (p. [217]-223) and index.
|
| 533 |
|
|
|a Electronic reproduction. Ann Arbor, MI : ProQuest, 2015. Available via World Wide Web. Access may be limited to ProQuest affiliated libraries.
|
| 610 |
2 |
0 |
|a Bass PLC.
|
| 650 |
|
0 |
|a Bars (Drinking establishments)
|x Management.
|
| 650 |
|
0 |
|a Bars (Drinking establishments)
|z Great Britain
|x Management.
|
| 650 |
|
0 |
|a Taverns (Inns)
|x Management.
|
| 650 |
|
0 |
|a Taverns (Inns)
|z Great Britain
|x Management.
|
| 655 |
|
4 |
|a Electronic books.
|
| 700 |
1 |
|
|a Steven, Gordon,
|d 1943-
|
| 700 |
1 |
|
|a Steven, Valerie,
|d 1946-
|
| 710 |
2 |
|
|a ProQuest (Firm)
|
| 856 |
4 |
0 |
|u https://ebookcentral.proquest.com/lib/matrademy/detail.action?docID=3060281
|z Click to View
|